000 00574nam a2200193Ia 4500
005 20250507130220.0
008 008 250505s9999 xx 000 0 eng d
037 _aSeries Article
040 _aEASL
_beng
_cEASL
041 _aeng
_2eng
084 _qEASL
100 _aMalhotra Anshu
245 0 _aBhakti and the gendered self:A courtesan and a consort in mid nineteenth century Punjab
260 _aUK
_bCambridge Cambridge University Press UK
_c2012
300 _a1506-1539
650 _aAsian Studies
942 _cSRA
999 _c1318371
_d1318371